Najliczniejsze narody świata - Statystyki

Ogólne statystyki
  • Ten quiz został rozwiązany 57 razy
  • Średni wynik to 16 z 50
Statystyki odpowiedzi
Liczebność Narod % Poprawnych
1310 milionów Chińczycy Han
92%
60 milionów Polacy
88%
500 milionów Hindustańczycy
87%
47 milionów Hiszpanie
83%
150 milionów Niemcy
83%
150 milionów Rosjanie
81%
110 milionów Anglicy
77%
61 milionów Francuzi
77%
150 milionów Włosi
73%
130 milionów Japończycy
69%
450 milionów Arabowie
67%
31 milionów Portugalczycy
67%
45 milionów Ukraińcy
65%
81 milionów Turcy
62%
80 milionów Koreańczycy
58%
28 milionów Holendrzy
52%
23 milionów Rumuni
52%
55 milionów Persowie
46%
20 milionów Grecy
42%
73 milionów Wietnamczycy
40%
17 milionów Kazachowie
38%
14 milionów Węgrzy
38%
230 milionów Bengalczycy
31%
34 milionów Kurdowie
29%
40 milionów Uzbecy
23%
30 milionów Azerowie
17%
27 milionów Malajowie
15%
77 milionów Tamilowie
15%
20 milionów Tadżycy
10%
125 milionów Jawajczycy
8%
19 milionów Laotańczycy
8%
60 milionów Gudźaratowie
6%
16 milionów Khmerowie
6%
60 milionów Hausa
4%
63 milionów Pasztoni
2%
31 milionów Bamarowie
0%
105 milionów Biharczycy
0%
26 milionów Bisaya
0%
30 milionów Ibo
0%
30 milionów Jorubowie
0%
36 milionów Kannadygowie
0%
25 milionów Keczua
0%
36 milionów Keralczycy
0%
80 milionów Marathowie
0%
35 milionów Odia
0%
120 milionów Pendżabczycy
0%
25 milionów Sundajczycy
0%
85 milionów Telugowie
0%
90 milionów Thajowie
0%
16 milionów Zhuang
0%
Nie znaleziono quizów pasujących do podanych kryteriów
Rozkład punktacji
Procent ludzi z każdym wynikiem
Percentyl według liczby udzielonych odpowiedzi
Twoja historia wyników
Nie rozwiązałeś tego quizu